Systementwurf mit Simulationsmodellen Anwendergespräch Universität Würzburg, 10.12.1987
Salvato in:
| Altri autori: | |
|---|---|
| Natura: | Libro |
| Lingua: | tedesco |
| Pubblicazione: |
Berlin
Springer
1988
|
| Edizione: | 1. Aufl. |
| Tags: |
Nessun Tag, puoi essere il primo ad aggiungerne!!
|
MARC
| LEADER | 00000nam a2200000 4500 | ||
|---|---|---|---|
| 001 | c031186 | ||
| 005 | 20221206134606.1 | ||
| 041 | 0 | |a ger | |
| 044 | |a DE | ||
| 245 | 1 | 0 | |a Systementwurf mit Simulationsmodellen |b Anwendergespräch Universität Würzburg, 10.12.1987 |c Red. Rainer Thome |
| 250 | |a 1. Aufl. | ||
| 264 | 1 | |a Berlin |b Springer |c 1988 | |
| 300 | |a 146 s. | ||
| 700 | 1 | |a Thome, Rainer | |